Music Quiz

Random Music or Billboard Quiz

Name a 1-Word #1 Hit Quiz Stats

Quiz Updated Apr 17, 2017

Challenge
Share
Tweet
Embed
Score 0/21 Timer 10:00
2 Plays Today
Letter Sample Song % Correct
HHappy
86.6%
BBad
51.4%
AAfrica
51.4%
SSuperstition
46.8%
YYesterday
45.5%
FFaith
39.3%
WWomanizer
38.6%
JJump
37.2%
MMacarena
32.8%
UUmbrella
31.2%
KKokomo
29.1%
Letter Sample Song % Correct
RRoyals
28.5%
DDisturbia
25.5%
VVogue
24.3%
CCenterfold
23.2%
LLady
18.6%
GGhostbusters
17.8%
PPhysical
11%
TTimber
10.8%
EEvergreen
10.3%
IInformer
9%

You're not logged in!

Compare scores with friends on all Sporcle quizzes.
Sign Up with Email
OR
Log In

You Might Also Like...

Show Comments

Extras

Top Quizzes Today


Score Distribution

Your Account Isn't Verified!

In order to create a playlist on Sporcle, you need to verify the email address you used during registration. Go to your Sporcle Settings to finish the process.